Globalizace, integrace a české národní zájmy

Na minha lista:
Detalhes bibliográficos
Autor principal: Malý, Jiří
Formato: Livro
Idioma:tcheco
Publicado em: Praha Professional Publishing 2011
Assuntos:
Tags: Adicionar Tag
Sem tags, seja o primeiro a adicionar uma tag!

MARC

LEADER 00000nam a2200000 4500
001 0141738
005 20240315114446.0
020 |a 978-80-7431-061-4 
041 0 |a cze 
044 |a CZ 
245 1 0 |a Globalizace, integrace a české národní zájmy  |c Jiří Malý ... [et al.] 
264 1 |a Praha  |b Professional Publishing  |c 2011 
300 |a 247 s. 
610 2 0 |a globalizácia 
610 2 0 |a integrácia ekonomická medzinárodná 
610 2 0 |a štát 
610 2 0 |a záujmy ekonomické 
610 2 0 |a konkurencieschopnosť 
610 2 0 |a trh vnútorný 
610 2 0 |a ekonomika znalostná 
610 2 0 |a energetika 
610 2 0 |a politika finančná 
610 2 0 |a eurozóna 
610 2 0 |a riadenie hospodárske 
610 2 0 |a Česko 
610 2 0 |a Európska únia 
100 1 |a Malý, Jiří